000 02742ncm a2200661 c 4500
999 _c356160
_d356160
003 BLK
005 20200423153105.0
008 180414b bul |a|er|||| |0| c|bulo|
010 _aNOT00003897000
040 _aBLK
041 _aBUL
_cBUL
080 _aМузика за пиано
_b786.2
_z786.2
139 _aПиеси за най-малките пианисти
_bП 51
245 1 0 _aПиеси
_b за най-малките пианисти
_cсъстав. Лидия Атанасова Кутева.
254 _aКлавир
257 _aBGR
260 _bНаука и изкуство
_c1956
_9209548
_aСофия
_n978-954-02-
300 _c30 см
_a32 с.
380 _a7
500 _aСъдържа 31 пиеси
650 4 _aПиано - пиеси
_9291568
653 _aпиеси за пиано
700 1 _aЛидия Атанасова Кутева
_eсъстав.
_9388934
700 1 _aАлександър Моцев
_eсъстав.
_9405607
760 1 _c40 с.
_d1980
_h40 с.
_tСв. ІІІ
852 _aЦб М ІІ 13
856 4 _qpdf
_u
856 4 _qpdf
_u
942 _cNOT
_n0
_s1
944 _aCR
_c2020-04-21
_kАтанаска Минкова
999 _d356160
999 _d321246